[Event "Dhaka SGS op"]
[Site "Dhaka"]
[Date "2017.06.04"]
[Round "2"]
[White "Islam, Md Nazrul"]
[Black "Md Rashedul, Basher"]
[Result "1-0"]
[WhiteElo "2036"]
[BlackElo "1773"]
[PlyCount "85"]
[EventDate "2017.06.03"]
[EventType "swiss"]
[EventRounds "9"]
[EventCountry "BAN"]
[SourceTitle "EXT 2019"]
[Source "ChessBase"]
[SourceDate "2018.10.10"]
[SourceVersion "1"]
[SourceVersionDate "2018.10.10"]
[SourceQuality "1"]

1. c4 e6 2. d4 Nf6 3. e3 b6 4. Nf3 Bb7 5. Be2 d5 6. a3 Bd6 7. Nc3 Nbd7 8. b4 dxc4 9. Bxc4 0-0 10. Bb2 Ne4 11. Rc1 Nxc3 12. Rxc3 Nf6 13. Bd3 Ne4 14. Rc1 Qe7 15. Qc2 f5 16. Qb3 Bd5 17. Bc4 Qf7 18. g3 Kh8 19. Bxd5 exd5 20. Ne5 Bxe5 21. dxe5 c5 22. h4 c4 23. Qd1 Rac8 24. Bd4 c3 25. Kf1 Qg6 26. h5 Qg4 27. Kg2 Qxd1 28. Rhxd1 c2 29. Rd3 Rc6 30. f3 Ng5 31. Bb2 Rfc8 32. Rxd5 Ne6 33. Kf2 Kg8 34. Ke2 Nc7 35. Rd7 Nb5 36. Rd3 Rh6 37. f4 Rxh5 38. Kf3 Rh6 39. a4 Rc4 40. axb5 Rxb4 41. Rxc2 Rxb5 42. Rd8+ Kf7 43. Rd7+ 1-0